Economic co-operation between Nigeria and the socialist countries of Eastern Europe / (Record no. 936)
[ view plain ]
| 000 -LEADER | |
|---|---|
| fixed length control field | 00746nam a2200157 a 4500 |
| 020 ## - INTERNATIONAL STANDARD BOOK NUMBER | |
| ISBN | 9781328282 (pbk.) |
| 082 00 - DEWEY DECIMAL CLASSIFICATION NUMBER | |
| Classification number | 337.669047 |
| 245 00 - TITLE STATEMENT | |
| Title | Economic co-operation between Nigeria and the socialist countries of Eastern Europe / |
| 260 ## - PUBLICATION, DISTRIBUTION, ETC. (IMPRINT) | |
| Place of publication | Lagos : |
| Name of publisher | Nigerian Institute of International Affairs : |
| -- | Macmillan Nigeria, |
| Year of publication | 1986, c1984. |
| 300 ## - PHYSICAL DESCRIPTION | |
| Number of Pages | 210 p. : |
| Other physical details | ill. ; |
| 500 ## - GENERAL NOTE | |
| General note | Cover title: Economic co-operation between Nigeria and Eastern Europe. |
| 500 ## - GENERAL NOTE | |
| General note | Proceedings of a conference held in Lagos, Nigeria, in May 1980, sponsored by the United Nations Conference on Trade and Development (UNCTAD) and the Nigerian Institute of International Affairs (NIIA) |
| 500 ## - GENERAL NOTE | |
| General note | Title page dated 1984. |
| 700 1# - ADDED ENTRY--PERSONAL NAME | |
| Personal name | Akinyemi, A. B. |
| 942 ## - ADDED ENTRY ELEMENTS (KOHA) | |
| Koha item type | Books |
| Withdrawn status | Lost status | Collection code | Permanent Location | Current Location | Shelving location | Date acquired | Source of acquisition | Full call number | Accession Number | Koha item type |
|---|---|---|---|---|---|---|---|---|---|---|
| Non-fiction | CONFERENCE HALL-LIBRARY | CONFERENCE HALL-LIBRARY | General Stacks | 2017-02-17 | Purchase | 335 | 1994 | Books | ||
| Non-fiction | CONFERENCE HALL-LIBRARY | CONFERENCE HALL-LIBRARY | General Stacks | 2017-02-27 | Purchase | 355 | 3364 | Books |
